[Event "Lignano Bella Italia op 2nd"]
[Site "Lignano Sabbiadoro"]
[Date "2023.08.21"]
[Round "7"]
[White "Gennari, Jacopo"]
[Black "Gioseffi, Massimiliano"]
[Result "1/2-1/2"]
[WhiteElo "2190"]
[BlackElo "2048"]
[PlyCount "112"]
[EventDate "2023.08.17"]
[EventType "swiss"]
[EventRounds "9"]
[EventCountry "ITA"]
[SourceTitle "EXT 2024"]
[Source "ChessBase"]
[SourceDate "2023.10.10"]
[SourceVersion "1"]
[SourceVersionDate "2023.10.10"]
[SourceQuality "1"]

1. d4 Nf6 2. c4 e6 3. g3 Bb4+ 4. Bd2 a5 5. Bg2 0-0 6. Nf3 b6 7. a3 Bxd2+ 8. Qxd2 Ba6 9. Qc2 Bb7 10. Nc3 c5 11. d5 exd5 12. Nd2 Nc6 13. cxd5 Nd4 14. Qd1 b5 15. e3 Nf5 16. Nxb5 Nxd5 17. e4 Nc7 18. Nxc7 Qxc7 19. 0-0 Nd4 20. Nb3 Nxb3 21. Qxb3 c4 22. Qc3 f5 23. e5 Bxg2 24. Kxg2 f4 25. Rac1 Rac8 26. f3 Rf5 27. Rfe1 fxg3 28. hxg3 d6 29. exd6 Qxd6 30. Re4 Rd5 31. Rc2 Rd3 32. Qxa5 Rxf3 33. Qe5 Qxe5 34. Rxe5 Rb3 35. a4 c3 36. Rb5 Rxb5 37. axb5 Rb8 38. bxc3 Rxb5 39. Kf3 Kf7 40. Ke4 Ke6 41. Ra2 Rg5 42. Ra6+ Kd7 43. Kf4 h6 44. c4 g6 45. g4 Ke7 46. Rb6 Rc5 47. Rxg6 Kf7 48. Rxh6 Rxc4+ 49. Kg5 Rc5+ 50. Kh4 Kg7 51. Rb6 Ra5 52. g5 Ra1 53. Rb7+ Kg6 54. Rb6+ Kg7 55. Rb4 Kg6 56. Rb6+ Kg7 1/2-1/2

[Event "ITA-chT GpA playoff 54th"]
[Site "Bacoli"]
[Date "2023.04.30"]
[Round "1"]
[White "Gennari, Jacopo"]
[Black "Manca, Federico"]
[Result "1/2-1/2"]
[WhiteElo "2182"]
[BlackElo "2339"]
[PlyCount "78"]
[EventDate "2023.04.30"]
[EventType "team-tourn"]
[EventRounds "2"]
[EventCountry "ITA"]
[SourceTitle "CBM 213 Extra"]
[Source "ChessBase"]
[SourceDate "2023.05.31"]
[SourceVersion "1"]
[SourceVersionDate "2023.05.31"]
[SourceQuality "1"]
[WhiteTeam "Montebelluna Grandiscacchi"]
[BlackTeam "Le Due Torri Volvo"]
[WhiteTeamCountry "ITA"]
[BlackTeamCountry "ITA"]

1. d4 Nf6 2. c4 c5 3. d5 b5 4. cxb5 a6 5. b6 d6 6. Nc3 Nbd7 7. a4 Qxb6 8. a5 Qb4 9. Ra4 Qb8 10. Nf3 g6 11. e4 Bg7 12. Be2 0-0 13. 0-0 Ne8 14. Ra3 Nc7 15. h4 Ra7 16. h5 Nb5 17. Rb3 Rb7 18. Nxb5 axb5 19. hxg6 hxg6 20. Ng5 b4 21. Qd3 Qc7 22. Qg3 c4 23. a6 Rb6 24. a7 Ba6 25. Qh4 Nf6 26. Rf3 Ra8 27. Be3 Rxa7 28. Bd4 c3 29. Bxa6 Rbxa6 30. Bxa7 Qxa7 31. bxc3 Ra1 32. cxb4 Rxf1+ 33. Kxf1 Qa1+ 34. Ke2 Qb2+ 35. Ke3 Bh6 36. Rg3 Qc3+ 37. Ke2 Qc2+ 38. Ke3 Qc3+ 39. Ke2 Qc2+ 1/2-1/2

[Event "Cattolica Halloween op"]
[Site "Cattolica"]
[Date "2021.10.28"]
[Round "3"]
[White "Mrdja, Milan"]
[Black "Gennari, Jacopo"]
[Result "1-0"]
[WhiteElo "2260"]
[BlackElo "2104"]
[PlyCount "49"]
[EventDate "2021.10.27"]
[EventType "swiss"]
[EventRounds "9"]
[EventCountry "ITA"]
[SourceTitle "CBM 204 Extra"]
[Source "ChessBase"]
[SourceDate "2021.11.30"]
[SourceVersion "1"]
[SourceVersionDate "2021.11.30"]
[SourceQuality "1"]

1. e4 e6 2. d4 d5 3. Nc3 Nf6 4. e5 Nfd7 5. f4 c5 6. Nf3 Nc6 7. Be3 a6 8. Qd2 b5 9. Ne2 Qb6 10. dxc5 Bxc5 11. Bxc5 Nxc5 12. Ned4 Nxd4 13. Qxd4 Na4 14. b3 Qa5+ 15. Kf2 Nc3 16. Bd3 Bb7 17. Rhe1 Rc8 18. Kg1 Qc7 19. b4 Na4 20. Qe3 Qb6 21. Nd4 Nb2 22. Kh1 g6 23. Nxb5 Qxe3 24. Nd6+ Ke7 25. Nxc8+ 1-0

[Event "Lignano Sabbiadoro op 5th"]
[Site "Lignano Sabbiadoro"]
[Date "2019.07.28"]
[Round "3"]
[White "Gennari, Jacopo"]
[Black "Volodin, Aleksandr"]
[Result "0-1"]
[WhiteElo "2093"]
[BlackElo "2464"]
[PlyCount "90"]
[EventDate "2019.07.27"]
[EventType "swiss"]
[EventRounds "9"]
[EventCountry "ITA"]
[SourceTitle "CBM 191 Extra"]
[Source "ChessBase"]
[SourceDate "2019.09.30"]
[SourceVersion "1"]
[SourceVersionDate "2019.09.30"]
[SourceQuality "1"]

1. d4 Nf6 2. c4 c5 3. d5 b5 4. cxb5 a6 5. b6 e6 6. Nc3 exd5 7. Nxd5 Nxd5 8. Qxd5 Nc6 9. e4 Be7 10. Nf3 Rb8 11. Ne5 Nxe5 12. Qxe5 Qxb6 13. Bd3 Kf8 14. 0-0 d6 15. Qg3 Be6 16. Bf4 h5 17. h3 h4 18. Qe3 c4 19. Qxb6 Rxb6 20. Bc2 Bf6 21. Rab1 Ke7 22. b3 Rhb8 23. Rfd1 g5 24. Bh2 Be5 25. Bxe5 dxe5 26. Ra1 Rc6 27. bxc4 Rxc4 28. Bd3 Ra4 29. Rd2 Rd4 30. Rad1 Rbd8 31. Kf1 Bc4 32. Ke2 Rxe4+ 33. Kf3 Red4 34. Ke3 Bxd3 35. Rxd3 Rxd3+ 36. Rxd3 Rxd3+ 37. Kxd3 f5 38. Kc4 Kd6 39. f3 Kc6 40. a4 a5 41. Kd3 Kd5 42. Kc3 e4 43. fxe4+ fxe4 44. Kd2 Kd4 45. Ke2 e3 0-1

[Event "Verona op-A"]
[Site "Verona"]
[Date "2017.01.05"]
[Round "5"]
[White "Gennari, Jacopo"]
[Black "Di Primio, Eugenia"]
[Result "0-1"]
[WhiteElo "2123"]
[BlackElo "1908"]
[PlyCount "72"]
[EventDate "2017.01.02"]
[EventType "swiss"]
[EventRounds "7"]
[EventCountry "ITA"]
[SourceTitle "CBM 176 Extra"]
[Source "ChessBase"]
[SourceDate "2017.03.02"]
[SourceVersion "1"]
[SourceVersionDate "2017.03.02"]
[SourceQuality "1"]

1. d4 f5 2. Bg5 g6 3. e3 Bg7 4. Nc3 Nf6 5. Bc4 e6 6. d5 Qe7 7. Nf3 Qb4 8. Nd2 Na6 9. a3 Qe7 10. Qf3 Rb8 11. dxe6 dxe6 12. Rd1 0-0 13. b4 h6 14. Bh4 Kh7 15. Qe2 g5 16. Bg3 e5 17. h4 g4 18. h5 Qe8 19. Nd5 Nxd5 20. Bxd5 c6 21. Bb3 Nc7 22. Nc4 Nb5 23. Nd6 Nxd6 24. Rxd6 f4 25. Bh2 Qxh5 26. exf4 exf4 27. 0-0 f3 28. Qe7 fxg2 29. Re1 g3 30. fxg3 Rf1+ 31. Rxf1 gxf1Q+ 32. Kxf1 Bh3+ 33. Kg1 Qf3 34. Rxh6+ Kxh6 35. Qh4+ Kg6 36. Qxh3 Bd4# 0-1

[Event "Verona op-A"]
[Site "Verona"]
[Date "2017.01.03"]
[Round "2"]
[White "Rebeggiani, Andrea"]
[Black "Gennari, Jacopo"]
[Result "0-1"]
[WhiteElo "1949"]
[BlackElo "2123"]
[PlyCount "88"]
[EventDate "2017.01.02"]
[EventType "swiss"]
[EventRounds "7"]
[EventCountry "ITA"]
[SourceTitle "CBM 176 Extra"]
[Source "ChessBase"]
[SourceDate "2017.03.02"]
[SourceVersion "1"]
[SourceVersionDate "2017.03.02"]
[SourceQuality "1"]

1. e4 e6 2. d4 d5 3. Nc3 Nf6 4. e5 Nfd7 5. f4 c5 6. Nf3 Nc6 7. Be3 a6 8. Qd2 b5 9. dxc5 Nxc5 10. Qf2 b4 11. Bxc5 bxc3 12. b3 Be7 13. a3 Bb7 14. Bxe7 Nxe7 15. Bd3 a5 16. Nd4 Qb6 17. Nb5 Qxf2+ 18. Kxf2 0-0 19. Rhf1 Rac8 20. Nd6 Rc7 21. Nb5 Rcc8 22. Nd6 Rb8 23. Kg1 Ba8 24. Nb5 Rfc8 25. Nd4 Nc6 26. Nxc6 Bxc6 27. a4 Re8 28. Rae1 Rb4 29. f5 Bd7 30. fxe6 Bxe6 31. Re3 Bd7 32. Bf5 Bxf5 33. Rxf5 d4 34. Re4 f6 35. Rff4 Rxe5 36. Rxd4 Rxd4 37. Rxd4 Re2 38. Rd5 Rxc2 39. Rxa5 Rb2 40. b4 c2 41. Rc5 Rb1+ 42. Kf2 c1Q 43. Rxc1 Rxc1 44. Ke3 Rc4 0-1

[Event "ITA-ch sf"]
[Site "Porto San Giorgio"]
[Date "2015.07.17"]
[Round "8"]
[White "Bruno, Fabio"]
[Black "Gennari, Jacopo"]
[Result "1-0"]
[WhiteElo "2427"]
[BlackElo "2108"]
[PlyCount "49"]
[EventDate "2015.07.11"]
[EventType "swiss"]
[EventRounds "8"]
[EventCountry "ITA"]
[SourceTitle "EXT 2024"]
[Source "ChessBase"]
[SourceDate "2023.10.10"]
[SourceVersion "1"]
[SourceVersionDate "2023.10.10"]
[SourceQuality "1"]

1. d4 d5 2. Nf3 c6 3. c4 e6 4. e3 Nf6 5. b3 Be7 6. Bb2 0-0 7. Bd3 Nbd7 8. 0-0 b6 9. Nc3 Bb7 10. Qc2 Rc8 11. Rad1 Qc7 12. Ne5 h6 13. f4 c5 14. Qe2 Nxe5 15. dxe5 Ne4 16. Bxe4 dxe4 17. Nb5 Qb8 18. Rd7 Bh4 19. Nd6 Rc7 20. Rxc7 Qxc7 21. Qg4 Be7 22. f5 h5 23. Qxh5 Bxd6 24. exd6 Qxd6 25. Bxg7 1-0

[Event "Padova op-B 15th"]
[Site "Padova"]
[Date "2012.12.23"]
[Round "6"]
[White "Ciani, Davide"]
[Black "Gennari, Jacopo"]
[Result "1/2-1/2"]
[WhiteElo "1711"]
[BlackElo "1837"]
[PlyCount "80"]
[EventDate "2012.12.15"]
[EventType "swiss"]
[EventRounds "6"]
[EventCountry "ITA"]
[SourceTitle "EXT 2015"]
[Source "ChessBase"]
[SourceDate "2014.11.20"]
[SourceVersion "1"]
[SourceVersionDate "2014.11.20"]
[SourceQuality "1"]

1. d4 d5 2. Nf3 c6 3. e3 Nf6 4. b3 Bg4 5. Nbd2 Nbd7 6. Bb2 Ne4 7. Be2 Ndf6 8. 0-0 e6 9. a3 Bd6 10. Ne5 Bxe2 11. Qxe2 Nxd2 12. Qxd2 Ne4 13. Qe2 Qc7 14. f3 Nf6 15. c4 0-0-0 16. b4 h5 17. Rfc1 h4 18. c5 Bxe5 19. dxe5 Nd7 20. b5 Rdg8 21. a4 f6 22. a5 cxb5 23. Qxb5 Qc6 24. Qb4 h3 25. g3 a6 26. exf6 gxf6 27. e4 Ne5 28. Bxe5 fxe5 29. Qb6 Rf8 30. exd5 exd5 31. Qxc6+ bxc6 32. Ra3 Kc7 33. Rb1 Rb8 34. Rb6 Rxb6 35. axb6+ Kb7 36. Kf2 Rd8 37. f4 Rf8 38. Ke3 e4 39. g4 Rg8 40. g5 Rf8 1/2-1/2

[Event "Padova op-B 15th"]
[Site "Padova"]
[Date "2012.12.22"]
[Round "4"]
[White "Guerra, Alessandro"]
[Black "Gennari, Jacopo"]
[Result "1-0"]
[WhiteElo "2200"]
[BlackElo "1837"]
[PlyCount "67"]
[EventDate "2012.12.15"]
[EventType "swiss"]
[EventRounds "6"]
[EventCountry "ITA"]
[SourceTitle "EXT 2015"]
[Source "ChessBase"]
[SourceDate "2014.11.20"]
[SourceVersion "1"]
[SourceVersionDate "2014.11.20"]
[SourceQuality "1"]

1. e4 e6 2. d4 d5 3. Nc3 c5 4. exd5 exd5 5. Nf3 Nf6 6. Bb5+ Bd7 7. Bxd7+ Qxd7 8. 0-0 cxd4 9. Ne5 Qe6 10. Qxd4 Bd6 11. Qa4+ Nbd7 12. Nxd7 Qxd7 13. Re1+ Be7 14. Bg5 Qxa4 15. Nxa4 Kf8 16. Rad1 Rd8 17. Nc3 h6 18. Bxf6 Bxf6 19. Rxd5 Rxd5 20. Nxd5 Bxb2 21. Rb1 Bd4 22. Rxb7 g5 23. c3 Bc5 24. Rc7 Bb6 25. Nxb6 axb6 26. Rc8+ Kg7 27. Rxh8 Kxh8 28. c4 Kg7 29. c5 bxc5 30. a4 c4 31. Kf1 Kf6 32. a5 c3 33. Ke2 Ke5 34. a6 1-0